[Event "Usti nad Labem blitz op"]
[Site "Usti nad Labem"]
[Date "2023.05.07"]
[Round "2"]
[White "Zikranets, Bohdan"]
[Black "Goc, Vlastimil"]
[Result "1-0"]
[WhiteElo "1274"]
[BlackElo "2057"]
[PlyCount "42"]
[EventDate "2023.05.07"]
[EventType "swiss (blitz)"]
[EventRounds "15"]
[EventCountry "CZE"]
[SourceTitle "CBM 214 Extra"]
[Source "ChessBase"]
[SourceDate "2023.07.31"]
[SourceVersion "1"]
[SourceVersionDate "2023.07.31"]
[SourceQuality "1"]

1. d4 Nf6 2. Nf3 e6 3. c4 d5 4. Nc3 dxc4 5. e3 a6 6. Bxc4 b5 7. Bd3 Bb7 8. Bd2 Nbd7 9. 0-0 c5 10. Be2 c4 11. b3 cxb3 12. axb3 Be7 13. h3 0-0 14. Re1 Qb6 15. Rb1 Rac8 16. b4 Nd5 17. Nxd5 exd5 18. Qb3 Nf6 19. Rec1 Ne4 20. Bd3 Nxd2 21. Nxd2 Qg6 1-0

[Event "Usti nad Labem blitz op"]
[Site "Usti nad Labem"]
[Date "2023.05.07"]
[Round "11"]
[White "Zikranets, Bohdan"]
[Black "Mikulka, Martin Michael"]
[Result "0-1"]
[WhiteElo "1274"]
[BlackElo "1585"]
[PlyCount "108"]
[EventDate "2023.05.07"]
[EventType "swiss (blitz)"]
[EventRounds "15"]
[EventCountry "CZE"]
[SourceTitle "CBM 214 Extra"]
[Source "ChessBase"]
[SourceDate "2023.07.31"]
[SourceVersion "1"]
[SourceVersionDate "2023.07.31"]
[SourceQuality "1"]

1. e4 e6 2. Nf3 d5 3. exd5 exd5 4. d4 Bd6 5. c4 c6 6. c5 Be7 7. Be2 Nf6 8. 0-0 0-0 9. Nc3 Bf5 10. h3 h6 11. b4 a6 12. a4 Qc7 13. b5 axb5 14. Bd2 bxa4 15. Nxa4 Nbd7 16. Nc3 Rxa1 17. Qxa1 Ne4 18. Nxe4 Bxe4 19. Be3 Nf6 20. Re1 Re8 21. Qb2 Bd8 22. Nd2 Qd7 23. Nxe4 Nxe4 24. Rb1 Qf5 25. Qxb7 Nxf2 26. Bxf2 Rxe2 27. Rf1 Qe6 28. Qb8 Qe8 29. Qg3 Bf6 30. Qc3 Qe4 31. Qa1 Kh7 32. Re1 Rxe1+ 33. Qxe1 Qxe1+ 34. Bxe1 Bxd4+ 35. Kf1 Bxc5 36. Ba5 f5 37. Ke2 Kg6 38. Kd3 Kf6 39. g3 g5 40. Bd8+ Ke5 41. Bc7+ Bd6 42. Bb6 c5 43. Ba5 c4+ 44. Kc3 Ke4 45. Bb6 Be5+ 46. Kc2 d4 47. Ba5 d3+ 48. Kd2 f4 49. gxf4 Bxf4+ 50. Kd1 Kd4 51. Bb6+ Kc3 52. Bf2 Kb2 53. Be1 c3 54. h4 c2# 0-1